Queer Dharma. Voices of gay buddhists

Saved in:
Bibliografiske detaljer
Hovedforfatter: Leyland, Winston
Format: Ukendt
Sprog:engelsk
Udgivet: Gay Sunshine Press 1997
Tags: Tilføj Tag
Ingen Tags, Vær først til at tagge denne postø!

MARC

LEADER 00000 a2200000 4500
005 20240918193853.0
008 240724b |||||||| |||| 00| 0 eng d
020 |a 978-0940567221 
040 |c GP 
100 |a Leyland, Winston 
245 |a Queer Dharma. Voices of gay buddhists 
260 |b  Gay Sunshine Press  |c 1997 
942 |2 ddc  |c BK  |n 0 
952 |0 0  |1 0  |2 ddc  |4 0  |6 306_766294000000000_LEY  |7 1  |9 1708  |a RM  |b RM  |d 2024-07-24  |l 0  |o 306.766294 LEY  |p 468  |r 2024-07-24 17:17:30  |w 2024-07-24  |y BK 
999 |c 1521  |d 1521